[Event "LIGA CENTRALNE SRBIJE 2013 - Jug"]
[Site "Niš"]
[Date "2013.10.19"]
[Round "5.1"]
[White "Djukic, Nebojsa"]
[Black "Keca, Dragomir"]
[Result "1/2-1/2"]
[WhiteElo "2177"]
[BlackElo "2194"]
[PlyCount "22"]
[EventDate "2013.10.17"]

1. e4 c6 2. d4 d5 3. e5 Bf5 4. f4 e6 5. Nf3 h5 6. c3 Nh6 7. Be3 Be7 8. Nbd2 g6
9. Be2 Nd7 10. Qb3 Qb6 11. O-O O-O 1/2-1/2

[Event "LIGA CENTRALNE SRBIJE 2013 - Jug"]
[Site "Niš"]
[Date "2013.10.19"]
[Round "5.3"]
[White "Radivojevic, Tomislav"]
[Black "Savic, Goran Lj"]
[Result "1/2-1/2"]
[WhiteElo "2169"]
[BlackElo "2153"]
[PlyCount "26"]
[EventDate "2013.10.17"]

1. e4 e6 2. d4 d5 3. Nd2 Nf6 4. e5 Nfd7 5. Bd3 c5 6. c3 Nc6 7. Ne2 cxd4 8. cxd4
f6 9. exf6 Nxf6 10. O-O Bd6 11. Nf3 Qc7 12. g3 O-O 13. Bf4 e5 1/2-1/2

[Event "LIGA CENTRALNE SRBIJE 2013 - Jug"]
[Site "Niš"]
[Date "2013.10.19"]
[Round "5.3"]
[White "Carapic, Srdjan"]
[Black "Jovanovic, Dragan"]
[Result "0-1"]
[WhiteElo "1961"]
[BlackElo "2104"]
[PlyCount "104"]
[EventDate "2013.10.17"]

1. e4 e5 2. Nc3 Nf6 3. f4 d6 4. Nf3 Nc6 5. Bb5 exf4 6. d4 Bd7 7. O-O Be7 8.
Bxf4 O-O 9. e5 dxe5 10. Nxe5 Nxe5 11. Bxe5 Bxb5 12. Nxb5 c6 13. Nc3 Nd5 14. Qh5
f6 15. Bg3 Nxc3 16. bxc3 Qd5 17. Rf5 Qc4 18. Qf3 g6 19. Rf4 Qd5 20. Qf2 Rac8
21. Re1 Rf7 22. Rfe4 Bf8 23. h4 Rd8 24. a4 Rdd7 25. Bf4 Rde7 26. Rxe7 Rxe7 27.
Rxe7 Bxe7 28. Qe3 Kf7 29. g4 h5 30. g5 Qf5 31. gxf6 Bxf6 32. Qf2 Qg4+ 33. Bg3
g5 34. hxg5 Qxg5 35. Kf1 Kg6 36. Bf4 Qg4 37. Qe3 Qd1+ 38. Kg2 Qxc2+ 39. Kf3
Qd1+ 40. Kg2 Qg4+ 41. Kf1 h4 42. Qe4+ Qf5 43. Qe8+ Kg7 44. Qb8 Qb1+ 45. Ke2 h3
46. Qc7+ Kg6 47. Qd7 Qe4+ 48. Be3 Bg5 49. Qd6+ Kh5 50. Qe5 Qxe5 51. dxe5 Bxe3
52. Kxe3 Kg5 0-1

[Event "LIGA CENTRALNE SRBIJE 2013 - Jug"]
[Site "Niš"]
[Date "2013.10.19"]
[Round "5.3"]
[White "Stamenkovic, Lazar"]
[Black "Stankovic, Nikola G"]
[Result "1-0"]
[WhiteElo "1788"]
[BlackElo "1710"]
[PlyCount "79"]
[EventDate "2013.10.17"]

1. e4 c6 2. d4 d5 3. Nc3 dxe4 4. Nxe4 Bf5 5. Ng3 Bg6 6. Nf3 e6 7. Bf4 Nd7 8.
Bd3 Bxd3 9. Qxd3 Ngf6 10. O-O Nd5 11. Bd2 h6 12. Rfe1 Bd6 13. c4 N5f6 14. Nf5
Be7 15. Nxe7 Qxe7 16. c5 Nd5 17. Ne5 N7f6 18. Nc4 O-O 19. Nd6 Ne8 20. Nc4 Nec7
21. Re4 Rfd8 22. Qg3 Kh7 23. Qd3 Kg8 24. Rae1 Kf8 25. Nd6 Ne8 26. Nxe8 Kxe8 27.
f4 Nf6 28. R4e3 Nd7 29. b4 Nf8 30. f5 Kd7 31. Rf3 Re8 32. Bf4 a6 33. Bd6 Qd8
34. fxe6+ fxe6 35. Rf7+ Kc8 36. Rc7+ Qxc7 37. Bxc7 Kxc7 38. Qg3+ Kd7 39. Qxg7+
Re7 40. Qxh6 1-0

[Event "LIGA CENTRALNE SRBIJE 2013 - Jug"]
[Site "Niš"]
[Date "2013.10.19"]
[Round "5.4"]
[White "Zivkovic, Dragan"]
[Black "Puzic, Slobodan"]
[Result "1/2-1/2"]
[WhiteElo "2131"]
[BlackElo "2146"]
[PlyCount "29"]
[EventDate "2013.10.17"]

1. Nf3 d5 2. d4 Nf6 3. Bf4 Bf5 4. c3 c6 5. Qb3 Qb6 6. Nbd2 e6 7. e3 Nbd7 8. Be2
Be7 9. O-O O-O 10. Ne5 Nxe5 11. Bxe5 h6 12. Bxf6 Bxf6 13. f4 Be7 14. g3 Rfe8
15. Rac1 1/2-1/2

[Event "LIGA CENTRALNE SRBIJE 2013 - Jug"]
[Site "Niš"]
[Date "2013.10.19"]
[Round "5.4"]
[White "Djordjevic, Lazar"]
[Black "Markovic, Mirko"]
[Result "1/2-1/2"]
[WhiteElo "1725"]
[BlackElo "2090"]
[PlyCount "37"]
[EventDate "2013.10.17"]

1. e4 e6 2. Nf3 d5 3. exd5 Qxd5 4. Nc3 Qd8 5. d4 Nf6 6. Bg5 Be7 7. Bb5+ Bd7 8.
Bxd7+ Nbxd7 9. O-O O-O 10. Qe2 c6 11. Ne4 Nxe4 12. Bxe7 Qxe7 13. Qxe4 Nf6 14.
Qe5 Rad8 15. c3 Rd5 16. Qe2 Rfd8 17. Rad1 Qc7 18. Nd2 Qf4 19. Nc4 1/2-1/2

[Event "LIGA CENTRALNE SRBIJE 2013 - Jug"]
[Site "Niš"]
[Date "2013.10.19"]
[Round "5.4"]
[White "Krstic, Zoran"]
[Black "Sinadinovic, Ilija"]
[Result "1/2-1/2"]
[WhiteElo "1925"]
[BlackElo "1832"]
[PlyCount "57"]
[EventDate "2013.10.17"]

1. d4 d5 2. c4 c6 3. Nc3 e6 4. e4 dxe4 5. Nxe4 Nf6 6. Nxf6+ Qxf6 7. Nf3 Bb4+ 8.
Bd2 Bxd2+ 9. Qxd2 O-O 10. Be2 Nd7 11. Qe3 b6 12. Ne5 Nxe5 13. dxe5 Qe7 14. O-O
Bb7 15. f4 c5 16. Bf3 Rad8 17. Rad1 Bxf3 18. Qxf3 Rd4 19. Rxd4 cxd4 20. Rd1 Qc5
21. Qd3 Rd8 22. a3 a5 23. Kf2 h6 24. Ke2 Qc6 25. Kf2 Qc5 26. a4 Qc6 27. b3 Qc5
28. Ke2 g6 29. Qe4 1/2-1/2

[Event "LIGA CENTRALNE SRBIJE 2013 - Jug"]
[Site "Niš"]
[Date "2013.10.19"]
[Round "5.5"]
[White "Radoja, Djordje"]
[Black "Jovanovic, Boban"]
[Result "1-0"]
[WhiteElo "2203"]
[BlackElo "2169"]
[PlyCount "101"]
[EventDate "2013.10.17"]

1. e4 c6 2. d4 d5 3. Nc3 dxe4 4. Nxe4 Nf6 5. Nxf6+ exf6 6. Ne2 Bd6 7. Ng3 O-O
8. Be3 f5 9. Qf3 Qc7 10. Nh5 g6 11. Nf4 g5 12. Nh5 g4 13. Qd1 f4 14. Bd2 Qe7+
15. Qe2 Qg5 16. Ng3 f5 17. Qc4+ Kg7 18. O-O-O Qg6 19. Ne2 Be6 20. Qc3 Bxa2 21.
Bxf4 Bxf4+ 22. Nxf4 Qh6 23. g3 Bd5 24. Bc4 Bxh1 25. Rxh1 Nd7 26. Kb1 Nf6 27.
Ne6+ Kg6 28. Nf4+ Kg7 29. Ne6+ Kg6 30. Nxf8+ Rxf8 31. Qa3 Ne4 32. Ka1 Nxf2 33.
Re1 Ne4 34. Bd3 Re8 35. Re2 Qg7 36. Qxa7 Re7 37. Qb6 Qf6 38. Kb1 h5 39. Qb4 h4
40. c4 hxg3 41. hxg3 c5 42. dxc5 Nxg3 43. c6 Nxe2 44. cxb7 Rxb7 45. Qxb7 Nd4
46. Qd5 Kg5 47. c5 g3 48. Be4 Kg4 49. Bg2 f4 50. c6 Nxc6 51. Bf3+ 1-0

[Event "LIGA CENTRALNE SRBIJE 2013 - Jug"]
[Site "Niš"]
[Date "2013.10.19"]
[Round "5.5"]
[White "Petrovic, Grade"]
[Black "Velickovic, Slobodan"]
[Result "1/2-1/2"]
[WhiteElo "2112"]
[BlackElo "2094"]
[PlyCount "125"]
[EventDate "2013.10.17"]

1. d4 Nf6 2. Nf3 g6 3. c4 Bg7 4. Nc3 O-O 5. e4 d6 6. h3 c6 7. Be2 Nbd7 8. O-O
Qc7 9. Rb1 e5 10. Be3 Re8 11. d5 c5 12. b4 cxb4 13. Rxb4 Nc5 14. Qc2 Bd7 15.
Rfb1 b6 16. Nd2 Nb7 17. a4 Na5 18. Nb3 Rab8 19. Nxa5 bxa5 20. Rxb8 Rxb8 21.
Rxb8+ Qxb8 22. Bd3 a6 23. c5 dxc5 24. Bxc5 Qc7 25. Ba3 Qa7 26. Ne2 Bf8 27. Bxf8
Kxf8 28. Qc4 Ne8 29. Qc3 Qc7 30. Bxa6 Bxa4 31. Qa3+ Qd6 32. Qd3 Qb4 33. f4 Nd6
34. fxe5 Nxe4 35. Qc4 Qb1+ 36. Qc1 Qb6+ 37. Kh2 Qxa6 38. Nd4 Bd7 39. Qf4 f5 40.
d6 Qc4 41. Qh6+ Kg8 42. Nf3 Qc3 43. h4 Nf2 44. Qg5 Ng4+ 45. Kg3 f4+ 46. Qxf4
Qe3 47. Qxe3 Nxe3 48. Ng5 Nf5+ 49. Kf2 Nd4 50. Ne4 Ne6 51. Ke3 Bc6 52. Nf6+ Kg7
53. g4 h6 54. h5 gxh5 55. gxh5 a4 56. Kd2 Kf7 57. Ng4 Kg7 58. Kc3 Nf8 59. Kb4
Nd7 60. e6 Nf6 61. d7 Nxd7 62. exd7 Bxd7 63. Nxh6 1/2-1/2

[Event "LIGA CENTRALNE SRBIJE 2013 - Jug"]
[Site "Niš"]
[Date "2013.10.19"]
[Round "5.5"]
[White "Sundric, Dragan"]
[Black "Djokovic, Nenad"]
[Result "0-1"]
[WhiteElo "1963"]
[BlackElo "1913"]
[PlyCount "66"]
[EventDate "2013.10.17"]

1. e4 e5 2. Nf3 Nf6 3. Nc3 Nc6 4. Bc4 Bc5 5. O-O O-O 6. d3 h6 7. a3 d6 8. h3 a6
9. Nh2 Nd4 10. Ne2 c6 11. c3 Ne6 12. b4 Ba7 13. Be3 d5 14. exd5 cxd5 15. Bb3 d4
16. cxd4 Nxd4 17. Nxd4 Bxd4 18. Bxd4 Qxd4 19. Nf3 Qd6 20. Qe2 Re8 21. Rfe1 Be6
22. Bxe6 Rxe6 23. Qb2 Rae8 24. Rad1 Nd5 25. d4 e4 26. Ne5 Nf4 27. Rxe4 Rxe5 28.
Rxe5 Rxe5 29. Qd2 Re2 30. Qc3 Qd5 31. Qc8+ Kh7 32. Qg4 Qe4 33. d5 f5 0-1

[Event "LIGA CENTRALNE SRBIJE 2013 - Jug"]
[Site "Niš"]
[Date "2013.10.19"]
[Round "5.5"]
[White "Babic, Bosko"]
[Black "Nikolic, Stefan"]
[Result "1-0"]
[WhiteElo "2033"]
[BlackElo "1876"]
[PlyCount "99"]
[EventDate "2013.10.17"]

1. d4 d5 2. c4 c6 3. Nc3 Nf6 4. Nf3 a6 5. a4 Bf5 6. Nh4 Bg6 7. g3 e6 8. Bg5 Be7
9. Nxg6 hxg6 10. e3 O-O 11. Qb3 Ra7 12. Bg2 Nbd7 13. O-O Qb6 14. Qxb6 Nxb6 15.
c5 Nbd7 16. b4 b6 17. e4 Kh7 18. Rfb1 Rfa8 19. cxb6 Nxb6 20. a5 Nbd7 21. e5 Ng8
22. Bd2 Rb8 23. Na4 Re8 24. Bf1 Nb8 25. Nc5 Nh6 26. Ra2 Nf5 27. Bc3 Bd8 28. Bd3
Be7 29. Rab2 Bf8 30. Kg2 Be7 31. f3 Bf8 32. h4 Kg8 33. Rh1 Be7 34. f4 Nh6 35.
Kf3 Bd8 36. g4 Kf8 37. h5 g5 38. Bd2 gxf4 39. Bxf4 Ng8 40. g5 Ne7 41. g6 Kg8
42. Rg2 fxg6 43. Nxe6 Nf5 44. Bxf5 gxf5 45. Rg6 Rae7 46. Nxd8 Rxd8 47. Bg5 Rdd7
48. Bxe7 Rxe7 49. h6 Nd7 50. Rxc6 1-0

[Event "LIGA CENTRALNE SRBIJE 2013 - Jug"]
[Site "Niš"]
[Date "2013.10.19"]
[Round "5.5"]
[White "Mikic, Slobodan"]
[Black "Stojilkovic, Dane"]
[Result "0-1"]
[WhiteElo "1967"]
[BlackElo "1963"]
[PlyCount "126"]
[EventDate "2013.10.17"]

1. c4 g6 2. Nf3 Bg7 3. g3 c5 4. Bg2 Nc6 5. Nc3 Nf6 6. O-O O-O 7. e4 d6 8. h3 a6
9. Rb1 Rb8 10. a4 Bd7 11. d3 Qc8 12. Kh2 h6 13. Be3 Kh7 14. Nd5 Nxd5 15. exd5
Ne5 16. Nxe5 Bxe5 17. b4 b6 18. Rg1 h5 19. f4 Bg7 20. Bf3 Rh8 21. h4 f5 22. Bf2
Bf6 23. Re1 Kg8 24. Re2 Kf7 25. Ra2 Bc3 26. Be1 Bd4 27. Kg2 cxb4 28. Bxb4 a5
29. Ba3 Rh7 30. Bb2 Qc5 31. Ba3 Qc7 32. Re2 Kg8 33. Qc2 Be8 34. Ree1 Bd7 35.
Qb3 Kf7 36. Bc1 Rhh8 37. Bd2 Rhe8 38. Qd1 Rh8 39. Qc2 Rhc8 40. Re2 Rh8 41. Rbe1
Rbe8 42. Be3 Bf6 43. Rb1 Rb8 44. Qb3 Kg7 45. Bxb6 Qb7 46. Qc2 Rhc8 47. Ree1 Kh6
48. Bxa5 Qa6 49. Qd2 Rxb1 50. Rxb1 Bxa4 51. Rb6 Qa7 52. Qb4 Rc5 53. Qxa4 Rxa5
54. Qb4 Ra2+ 55. Kh3 Rf2 56. Qb1 Rxf3 57. c5 dxc5 58. d6 exd6 59. Kg2 Rxd3 60.
Rb7 Rd2+ 61. Kf3 Qa6 62. Rb5 Qc6+ 63. Ke3 Qg2 0-1

[Event "LIGA CENTRALNE SRBIJE 2013 - Jug"]
[Site "Niš"]
[Date "2013.10.19"]
[Round "5.6"]
[White "Jovanovic, Dragan N"]
[Black "Milutinovic, Vladan"]
[Result "1/2-1/2"]
[WhiteElo "1934"]
[BlackElo "2112"]
[PlyCount "54"]
[EventDate "2013.10.17"]

1. e4 c5 2. Nf3 Nc6 3. d4 cxd4 4. Nxd4 Nf6 5. Nc3 e5 6. Nxc6 bxc6 7. a3 Be7 8.
Bc4 O-O 9. O-O Bb7 10. Bg5 d6 11. Qd3 Qc7 12. Rad1 Rad8 13. f4 d5 14. Bb3 dxe4
15. Qe3 Ng4 16. Qg3 Bxg5 17. fxg5 Qb6+ 18. Kh1 Ne3 19. Rxd8 Nxf1 20. Rxf8+ Kxf8
21. Qxe5 Ne3 22. Qf4 Nd5 23. Qb8+ Ke7 24. Nxe4 Qb5 25. h3 Qf1+ 26. Kh2 Qf4+ 27.
Qxf4 Nxf4 1/2-1/2

[Event "LIGA CENTRALNE SRBIJE 2013 - Jug"]
[Site "Niš"]
[Date "2013.10.19"]
[Round "5.6"]
[White "Zivaljevic, Pavle"]
[Black "Djuric, Ranko"]
[Result "1/2-1/2"]
[WhiteElo "2094"]
[BlackElo "2083"]
[PlyCount "26"]
[EventDate "2013.10.17"]

1. e4 c5 2. Nf3 d6 3. Bb5+ Bd7 4. Bxd7+ Nxd7 5. O-O g6 6. d4 cxd4 7. Qxd4 Ngf6
8. e5 dxe5 9. Nxe5 Nxe5 10. Qxe5 Bg7 11. Qb5+ Qd7 12. Qxd7+ Nxd7 13. c3 O-O
1/2-1/2

[Event "LIGA CENTRALNE SRBIJE 2013 - Jug"]
[Site "Niš"]
[Date "2013.10.19"]
[Round "5.6"]
[White "Kalajdzic, Zoran"]
[Black "Savic, Ivan"]
[Result "0-1"]
[WhiteElo "1838"]
[BlackElo "2049"]
[PlyCount "136"]
[EventDate "2013.10.17"]

1. e4 e5 2. d4 exd4 3. Qxd4 Nc6 4. Qe3 g6 5. Nc3 Bg7 6. Bd2 d6 7. O-O-O Nf6 8.
Bc4 Be6 9. Bxe6 fxe6 10. Nge2 Qe7 11. Kb1 O-O-O 12. f3 Kb8 13. Nc1 Nd7 14. Nb3
Nb6 15. Bc1 Nc4 16. Qg5 Qf7 17. Qb5 Na3+ 18. bxa3 Bxc3 19. Bb2 Bxb2 20. Kxb2
Qf6+ 21. c3 a6 22. Qe2 d5 23. Kc2 Ne5 24. Rd4 Nc4 25. a4 Qf8 26. Rc1 Qa3 27.
Kb1 c5 28. Rdd1 Qxa4 29. Ka1 Qc6 30. Nd2 Nb6 31. Rb1 Na4 32. Rdc1 c4 33. Qf2
Nc5 34. Qg1 Ka8 35. Rc2 Rd7 36. Rcb2 Na4 37. Rc2 Rc8 38. Rb4 a5 39. Rb1 b5 40.
Qd4 Rb8 41. a3 Nc5 42. e5 a4 43. Ka2 Nb3 44. Qf2 d4 45. Ne4 d3 46. Rcb2 Rdd8
47. Nd6 Qd5 48. f4 Rf8 49. Rf1 g5 50. g3 gxf4 51. gxf4 Rg8 52. Rg1 Rxg1 53.
Qxg1 d2 54. Rb1 Nc1+ 55. Rxc1 dxc1=Q 56. Qxc1 Rg8 57. Qe1 Rg2+ 58. Ka1 Rd2 59.
Qe4 Qxe4 60. Nxe4 Rxh2 61. Ng5 Rh6 62. Nf7 Rh4 63. Ng5 Rxf4 64. Nxe6 Re4 65.
Nc7+ Kb7 66. Nxb5 Kc6 67. Nd4+ Kd5 68. e6 Rxe6 0-1

[Event "LIGA CENTRALNE SRBIJE 2013 - Jug"]
[Site "Niš"]
[Date "2013.10.19"]
[Round "5.6"]
[White "Nikolic, Sava N R"]
[Black "Vasic, Blagoje"]
[Result "0-1"]
[WhiteElo "2093"]
[BlackElo "1905"]
[PlyCount "88"]
[EventDate "2013.10.17"]

1. e4 e5 2. Nf3 Nc6 3. Bb5 a6 4. Ba4 d6 5. h3 f5 6. d3 Nf6 7. Bg5 h6 8. Bxf6
Qxf6 9. c3 Bd7 10. Nbd2 Be7 11. b4 f4 12. Bb3 g5 13. Qc2 h5 14. h4 g4 15. Ng1
Be6 16. a4 O-O 17. Ne2 Qf7 18. d4 Bxb3 19. Qxb3 Qxb3 20. Nxb3 f3 21. gxf3 Rxf3
22. d5 Nb8 23. Rc1 Nd7 24. Ng3 Raf8 25. Nf5 R8xf5 26. exf5 Rxf5 27. Nd2 Rf4 28.
Ke2 Nb6 29. a5 Nxd5 30. b5 Ra4 31. c4 Nf4+ 32. Ke3 Rxa5 33. Ra1 Rxa1 34. Rxa1
axb5 35. Ra7 bxc4 36. Nxc4 d5 37. Ra8+ Kg7 38. Nxe5 Ne6 39. Re8 Bc5+ 40. Ke2
Nf4+ 41. Kf1 Bd6 42. f3 g3 43. Nd7 d4 44. Re4 d3 0-1

[Event "LIGA CENTRALNE SRBIJE 2013 - Jug"]
[Site "Niš"]
[Date "2013.10.19"]
[Round "5.6"]
[White "Krstic, Mihailo"]
[Black "Zlatanovic, Dusan"]
[Result "1/2-1/2"]
[WhiteElo "1886"]
[BlackElo "1913"]
[PlyCount "96"]
[EventDate "2013.10.17"]

1. e4 c6 2. d4 d5 3. exd5 cxd5 4. c4 Nf6 5. Nc3 e6 6. c5 Be7 7. b4 O-O 8. Bf4
a6 9. Nf3 Nc6 10. a3 Ne4 11. Na4 Re8 12. Nb6 Ra7 13. Bd3 Bf6 14. O-O g5 15.
Nxc8 Qxc8 16. Bxe4 gxf4 17. Bc2 Kg7 18. Re1 Rg8 19. Qd3 Rh8 20. Re2 Ra8 21. Rd1
Qd7 22. Qd2 Qc7 23. Ne5 Nxe5 24. dxe5 Bg5 25. g3 Rag8 26. gxf4 Bh4 27. Kh1 Kf8
28. Rg1 Rxg1+ 29. Kxg1 Rg8+ 30. Kh1 Ke7 31. f3 Qd8 32. Rg2 Rxg2 33. Qxg2 Qf8
34. Qg4 Qh6 35. Ba4 d4 36. Qg8 Qf8 37. Qxh7 Bf2 38. Qe4 Qc8 39. Kg2 Be3 40. Kf1
a5 41. h4 axb4 42. axb4 Qa8 43. Qc2 b5 44. c6 bxa4 45. Qc5+ Ke8 46. Ke2 a3 47.
c7 Qc8 48. Qc6+ Ke7 1/2-1/2